[Event "ROM-ch U10"]
[Site "Calimanesti"]
[Date "2014.04.09"]
[Round "5"]
[White "Ionescu, Luca"]
[Black "Bleoanca, Andrei Liviu"]
[Result "0-1"]
[WhiteElo "1001"]
[BlackElo "1001"]
[PlyCount "22"]
[EventDate "2014.04.06"]
[EventType "swiss"]
[EventRounds "9"]
[EventCountry "ROU"]
[SourceTitle "CBM 160 Extra"]
[Source "ChessBase"]
[SourceDate "2014.07.01"]
[SourceVersion "1"]
[SourceVersionDate "2014.07.01"]
[SourceQuality "1"]

1. e4 e5 2. Nf3 Nc6 3. Nc3 Bc5 4. Nxe5 Nxe5 5. d4 Nf3+ 6. Ke2 Nxd4+ 7. Ke1 d6 8. Bb5+ Nxb5 9. Nxb5 Qh4 10. Qg4 Bxg4 11. h3 Qe7 0-1

[Event "ROM-ch U10"]
[Site "Calimanesti"]
[Date "2014.04.06"]
[Round "1"]
[White "Antonica, Dragos Andrei"]
[Black "Bleoanca, Andrei Liviu"]
[Result "1-0"]
[WhiteElo "1541"]
[BlackElo "1001"]
[PlyCount "49"]
[EventDate "2014.04.06"]
[EventType "swiss"]
[EventRounds "9"]
[EventCountry "ROU"]
[SourceTitle "CBM 160 Extra"]
[Source "ChessBase"]
[SourceDate "2014.07.01"]
[SourceVersion "1"]
[SourceVersionDate "2014.07.01"]
[SourceQuality "1"]

1. Nf3 d5 2. d4 Bf5 3. Bf4 Nf6 4. Nc3 a6 5. e3 e6 6. Bd3 Bxd3 7. cxd3 Bb4 8. 0-0 0-0 9. Rc1 Nc6 10. a3 Bxc3 11. Rxc3 Qd7 12. Qb3 Rab8 13. Rfc1 Rbc8 14. Qxb7 Ne7 15. Rxc7 Rxc7 16. Rxc7 Qe8 17. Rxe7 Qa4 18. h3 Qb5 19. Qxb5 axb5 20. Rb7 Nh5 21. Rxb5 Nxf4 22. exf4 Rc8 23. Ne5 Rc7 24. Rb8+ Rc8 25. Rxc8# 1-0